000 00942nam a2200217 i 4500
001 22175
003 ES-MaACL
005 20230906152637.0
007 t|
008 030128s1879 sp ||||1| spa d
100 1 _aBonet y Bonfill, Magín.
_930137
245 1 0 _aAnálisis de las aguas sulfhídricas frías de los manantiales de Esteibar y Bolibar de Escoriaza... /
_cpor Magin Bonet y Manuel Saenz Diez ; indicaciones sobre sus virtudes medicinales por... Rafael Martínez y Molina.
260 _aMadrid :
_b[s.n.],
_c1879 (
_fAribau)
300 _a52 p. ;
_c21 cm.
530 _aDisponible también en sitio web.
650 _aAguas minerales-
_zPaís Vasco.
_9172296
700 1 _aSáenz Díez, Manuel.
_9101327
700 0 _aMartínez y Molina, Rafael.
_978484
852 _aES-MaACL
_jT-341-F-6
856 _uhttp://bibliotecadigitalhispanica.bne.es:80/webclient/DeliveryManager?pid=1680554&custom_att_2=simple_viewer
_zIr a la página
999 _c22175
_d22175